| 000 | 00724nam a2200217Ia 4500 | ||
|---|---|---|---|
| 003 | GCL | ||
| 008 | 140319s9999 xx 000 0 ara d | ||
| 040 |
_aGCL / _cGCL |
||
| 082 | 0 | 4 |
_a320.531 _bو م |
| 100 | 1 | _aلجنة كتب سياسية | |
| 245 | 1 | 0 |
_aماهية الاشتراكية البريطانية / _cلجنة كتب سياسية |
| 700 | 1 | _aويلسون, هارولد | |
| 260 |
_a[S.N] : _bالدار القومية للطباعة والنشر |
||
| 300 | _a123 ص | ||
| 490 |
_aكتب سياسية _v0 |
||
| 650 | 0 | 4 | _aبريطانيا |
| 650 | 0 | 4 | _aالاحزاب السياسية |
| 650 | 0 | 4 | _aالمذاهب السياسية |
| 650 | 0 | 4 | _aالاشتراكية - بريطانية |
| 942 |
_2ddc _cBK |
||
| 999 |
_c53129 _d53129 |
||